000 00639nam a2200217Ia 4500
005 20250508164300.0
008 008 250505s9999 xx 000 0 eng d
020 _a0-7619-3206-2
037 _aTextBook
040 _aFEDL
_beng
_cFEDL
041 _aeng
_2eng
084 _a378.54, CHA
_qFEDL
100 _aChanana Karuna Ed.
_9309879
245 0 _aTransformative links between higher and basic education : Mapping the field
260 _aNew Delhi, India
_bSage Publications
_c2004
300 _a355p
365 _aINR
_b695
650 _aHigher Education
942 _cTB
_h378.54, CHA
999 _c1388129
_d1388129